Połączone kształty państw #3 - Statystyki

Ogólne statystyki
  • Ten quiz został rozwiązany 216 razy
  • Średni wynik to 26 z 32
Statystyki odpowiedzi
Państwo % Poprawnych
Francja
100%
Włochy
100%
Grecja
94%
Turcja
93%
Albania
91%
Algieria
91%
Bułgaria
91%
Maroko
91%
Chiny
90%
Tajlandia
90%
Argentyna
88%
Izrael
87%
Malezja
87%
Mali
87%
Mongolia
86%
Liban
84%
Urugwaj
84%
Czad
82%
Arabia Saudyjska
80%
Peru
79%
Ekwador
77%
Irak
77%
Nigeria
77%
Senegal
77%
Zjednoczone Emiraty Arabskie
77%
Jordania
75%
Estonia
68%
Łotwa
68%
Erytrea
61%
Dżibuti
60%
Honduras
48%
Gwatemala
47%
Nie znaleziono quizów pasujących do podanych kryteriów
Rozkład punktacji
Procent ludzi z każdym wynikiem
Percentyl według liczby udzielonych odpowiedzi
Twoja historia wyników
Nie rozwiązałeś tego quizu